ARRUPE JESUIT UNIVERSITY

CORONAVIRUS -STOP THE SPREAD - CLEAN,DISINFECT,COVER

Fair shares : (Record no. 128172)

MARC details
000 -LEADER
fixed length control field 01089cam a22002894a 4500
001 - CONTROL NUMBER
control field 141812
003 - CONTROL NUMBER IDENTIFIER
control field ARRUPE
005 - DATE AND TIME OF LATEST TRANSACTION
control field 20180914120411.0
008 - FIXED-LENGTH DATA ELEMENTS--GENERAL INFORMATION
fixed length control field 980928s1999 nyu b 001 0 eng
010 ## - LIBRARY OF CONGRESS CONTROL NUMBER
LC control number 98061511
020 ## - INTERNATIONAL STANDARD BOOK NUMBER
International Standard Book Number 0500281157 (pbk.)
040 ## - CATALOGING SOURCE
Original cataloging agency DLC
Transcribing agency DLC
Modifying agency DLC
042 ## - AUTHENTICATION CODE
Authentication code pcc
050 00 - LIBRARY OF CONGRESS CALL NUMBER
Classification number HB72
Item number .G674 1999
082 00 - DEWEY DECIMAL CLASSIFICATION NUMBER
Classification number 174
Edition number 21
300 ## - PHYSICAL DESCRIPTION
Dimensions 22 cm.
100 1# - MAIN ENTRY--PERSONAL NAME
Personal name Gorringe, Timothy.
9 (RLIN) 42211
245 10 - TITLE STATEMENT
Title Fair shares :
Remainder of title ethics and the global economy /
Statement of responsibility, etc Timothy Gorringe.
260 ## - PUBLICATION, DISTRIBUTION, ETC. (IMPRINT)
Place of publication, distribution, etc New York :
Name of publisher, distributor, etc Thames and Hudson,
Date of publication, distribution, etc 1999.
300 ## - PHYSICAL DESCRIPTION
Extent 111 p. ;
440 #0 - SERIES STATEMENT/ADDED ENTRY--TITLE
Title Prospects for tomorrow
9 (RLIN) 42212
504 ## - BIBLIOGRAPHY, ETC. NOTE
Bibliography, etc Includes bibliographical references (p. 108-109) and index.
650 #0 - SUBJECT ADDED ENTRY--TOPICAL TERM
Topical term or geographic name as entry element Economics
General subdivision Moral and ethical aspects.
9 (RLIN) 42213
650 #0 - SUBJECT ADDED ENTRY--TOPICAL TERM
Topical term or geographic name as entry element Competition, International
General subdivision Moral and ethical aspects.
9 (RLIN) 42214
906 ## - LOCAL DATA ELEMENT F, LDF (RLIN)
a 7
b cbc
c orignew
d 2
e opcn
f 19
g y-gencatlg
942 ## - ADDED ENTRY ELEMENTS (KOHA)
Source of classification or shelving scheme Library of Congress Classification
Koha item type Monograph ( Printed materials)
Holdings
Withdrawn status Lost status Source of classification or shelving scheme Damaged status Not for loan Collection code Home library Current library Shelving location Date acquired Total Checkouts Full call number Barcode Date last seen Price effective from Koha item type
    Library of Congress Classification     Main Collection ARRUPE LIBRARY ARRUPE LIBRARY Main Collection 14/09/2018   HB72 .G674 1999 46600002050 14/09/2018 14/09/2018 Monograph ( Printed materials)

 

Arrupe Library. PO Box MP320 Mt Pleasant, Harare, Zimbabwe
263 242 745411|librarian@aju.ac.zw